Every Ferrari Car By Picture - Statistics

General Stats
  • This quiz has been taken 185 times
  • The average score is 21 of 56
Answer Stats
Picture Hint Answer % Correct
1987–1992 F40
90%
1995–1997 F50
90%
2013–2016 LaFerrari
89%
2002–2004 Enzo
88%
2020–present SF90
79%
1984–1996 Testarossa
71%
2015–2020 488
69%
2019-present Roma
68%
2019–2022 Monza
66%
2009–2015 458
65%
2023-present Purosangue
65%
2009–2017 California
62%
1999–2004 360
61%
2017–2024 812 Superfast
60%
2019–2023 F8
60%
2020–present 296 GTB
58%
1967–1974 Dino
58%
2005–2009 F430
57%
2011–2016 FF
57%
2006–2012 599
54%
2024-present 12Cilindri
52%
2022–present Daytona SP3
52%
2018–2021 Portofino
51%
2016–2020 GTC4Lusso
47%
2015–2017 F12tdf
46%
1984–1985 288 GTO
42%
1996–2006 550
42%
2012–2017 F12berlinetta
38%
1996–2006 575
36%
1994–1999 F355
33%
1980–1993 Mondial
33%
1975–1985 308
32%
1952–1964 250
30%
1989–1994 348
28%
1992–2003 456
25%
2004–2011 612 Scaglietti
25%
2017 J50
23%
1985–1989 328
22%
1964–1968 275
13%
2006 P4/5
12%
1948–1952 Inter
11%
2014 F60 America
9%
1963–1968 330
7%
2015 Sergio
7%
1966–1973 365
5%
1950–1966 America
5%
1995 FX
5%
2012 SP12 EC
5%
1963-1964 330 GTO
4%
1959–1964 400 Superamerica
4%
1955–1959 410 Superamerica
4%
1964–1966 500 Superfast
4%
1973–1984 Berlinetta Boxer
4%
2022 SP51
4%
2009 P540 Superfast Aperta
3%
2006 Zagato 575 GTZ
1%
No matching quizzes found
Score Distribution
Percent of People with Each Score
Percentile by Number Answered
Your Score History
You have not taken this quiz